000 00341 a2200169 4500
001 174631
020 _a85-08-04636-7
040 _cMagnum
100 _aRocha, Ruth
240 1 0 _aA arca de noé
_lpor
245 1 0 _aA arca de noé
300 _a24
362 0 _a1997
440 1 _aÁtica
697 _aLITERATURA INFANTO
942 _cBK
999 _c174631
_d174631